000 00536nam a2200229Ia 4500
003 OSt
005 20220912152525.0
006 a|||||r|||| 00| 0
007 ta
008 220909b |||||||| |||| 00| 0 eng d
024 _a43752
037 _cTextual
040 _aCSL
_beng
_cCSL
041 _aeng
082 _aG1132, K7;3
100 _aOhno S
245 0 _aSex chromosomes and sex linked genes
260 _c1967
300 _ap.
_ccm.
942 _hG1132, K7;3
_cTEXL
_2CC
999 _c87739
_d87739